000 00549nam a2200229Ia 4500
003 OSt
005 20220924142911.0
006 a|||||r|||| 00| 0
007 ta
008 ASM
024 _a303745
037 _cTextual
040 _aARTS
_cARTS
_bASM
041 _2ASM
_aASM
082 _aO158,1M85,2, M5
100 _aRoychoudhury A.
_9214265
245 0 _aCetanar kantha
260 _c1985
650 _aASSAMESE LITERATURE
_911738
942 _hO158,1M85,2, M5
_cTEXL
_2CC
999 _c452384
_d452384